01172nam a22003137a 4500003000500000005001700005008004100022010001000063011001000073035001000083040000900093090001000102100003000112245006100142260004000203300002000243502008100263590003700344590004100381590004200422650002800464901000700492942000900499949003500508949004000543999001700583952013100600952012700731CHAP20220329135539.0971013s1961 r 00010 d a38300 a39272 a43392 cCHAP aTesis00aPech Canul, Jaime.986463 aApuntes sobre golpe de arieta y cámara de oscilación aChapingo, Méx. :bEl autor,c1961 a135 p.b: ilus. aTesis (Ing. Agr. Esp. en Irrigación) -- ENA. Departameento de Irrigación aALEPHb10c20130110lUCH01h1304 aBATCH-UPDb10c20130110lUCH01h1734 aCONVERSIONb10c20130109lUCH01h132114aGolpe de ariete.948601 aBK cFOLL bBCcTESd-99438eTS1i43392si bBCcTESd-99439eTS2fc.2i43392si c38300d38300 00102local4053708TESISaBCbBCcPA_TESISd2012-12-17fFOLLl0oTesisp-99439r2019-12-31 00:00:00tc.2w2019-12-31yTESIS 00102local4051708TESISaBCbBCcPA_TESISd2012-12-17fTESISl0oTesisp-99438r2019-12-31 00:00:00w2019-12-31yTESIS